Guía de estudio de historia universal para bachillerato / (Registro nro. 9327)

Detalles MARC
000 -LEADER
fixed length control field 00897nam a22002897a 4500
001 - CONTROL NUMBER
control field 240028
003 - CONTROL NUMBER IDENTIFIER
control field DO-SdBNP
005 - DATE AND TIME OF LATEST TRANSACTION
control field 20180402100802.0
007 - PHYSICAL DESCRIPTION FIXED FIELD--GENERAL INFORMATION
fixed length control field 240028
008 - FIXED-LENGTH DATA ELEMENTS--GENERAL INFORMATION
fixed length control field 160318b 2001 mx 00| 0 spa d
020 ## - INTERNATIONAL STANDARD BOOK NUMBER
International Standard Book Number 9684445210
040 ## - CATALOGING SOURCE
Original cataloging agency BNPHU
Language of cataloging spa
Transcribing agency BNPHU
245 10 - TITLE STATEMENT
Title Guía de estudio de historia universal para bachillerato /
Statement of responsibility, etc. Humberto Sánchez Córdova ... [et al.].
246 10 - VARYING FORM OF TITLE
Title proper/short title Historia universal
260 ## - PUBLICATION, DISTRIBUTION, ETC. (IMPRINT)
Place of publication, distribution, etc. México :
Name of publisher, distributor, etc. Pearson Educación,
Date of publication, distribution, etc. 2001.
300 ## - PHYSICAL DESCRIPTION
Extent x, 188 p. :
Other physical details il. ;
Dimensions 27 cm.
490 1# - SERIES STATEMENT
Series statement Guías de estudio Pearson
700 1# - ADDED ENTRY--PERSONAL NAME
Personal name Sánchez Córdova, Humberto
700 1# - ADDED ENTRY--PERSONAL NAME
Personal name Parcero I., Rosa Ma.
700 12 - ADDED ENTRY--PERSONAL NAME
Personal name Romo Medrano, Lilia Estela
700 1# - ADDED ENTRY--PERSONAL NAME
Personal name Becerra Juárez, Efraín
700 1# - ADDED ENTRY--PERSONAL NAME
Personal name Katyna Goytia Rodríguez
830 #0 - SERIES ADDED ENTRY--UNIFORM TITLE
Name of part/section of a work Guías de estudio Pearson
942 ## - ADDED ENTRY ELEMENTS (KOHA)
Source of classification or shelving scheme Dewey Decimal Classification
Koha item type Libros
945 ## - LOCAL PROCESSING INFORMATION (OCLC)
a Inventariado, 2018 LP
956 ## - LOCAL ELECTRONIC LOCATION AND ACCESS (OCLC)
Host name LOPEREZ
Access number 10
Compression information 20160916
Processor of request BPMSU
Existencias
Withdrawn status Lost status Source of classification or shelving scheme Damaged status Not for loan Collection code Home library Current library Date acquired Total Checkouts Barcode Date last seen Price effective from Koha item type Copy number
    Dewey Decimal Classification     Colección General Biblioteca Pública Metropolitana Salomé Ureña Biblioteca Pública Metropolitana Salomé Ureña 03/18/2016   BPMSU16090363 03/18/2016 03/18/2016 Libros  
    Dewey Decimal Classification     Colección General Biblioteca Pública Metropolitana Salomé Ureña Biblioteca Pública Metropolitana Salomé Ureña 09/16/2016   BPMSU16090364 09/16/2016 09/16/2016 Libros ej. 2